Normal view
MARC view
- Goyal brothers prakashan
Entry Personal Name
001 - CONTROL NUMBER
- control field: 6083
003 - CONTROL NUMBER IDENTIFIER
- control field: OSt
005 - DATE AND TIME OF LATEST TRANSACTION
- control field: 20180209161443.0
008 - FIXED-LENGTH DATA ELEMENTS
- fixed length control field: 180209|| aca||aabn | a|a d
040 ## - CATALOGING SOURCE
- Original cataloging agency: OSt
- Transcribing agency: OSt
100 ## - HEADING--PERSONAL NAME
- Personal name: Goyal brothers prakashan
670 ## - SOURCE DATA FOUND
- Source citation: Work cat.: (OSt): Goyal brothers prakashan, My first atlas for primary classes, 2004